<?xml version="1.0" encoding="UTF-8"?>
<collection xmlns="http://www.loc.gov/MARC21/slim">
 <record>
  <leader>00609pamaa2200157   4500</leader>
  <controlfield tag="001">0000032340</controlfield>
  <controlfield tag="005">20090424090000.0</controlfield>
  <datafield tag="020" ind1="0" ind2="0">
   <subfield code="a">0194366987 </subfield>
  </datafield>
  <datafield tag="090" ind1="0" ind2="0">
   <subfield code="a">PE1128.A2 </subfield>
   <subfield code="b">GRA 2001</subfield>
  </datafield>
  <datafield tag="100" ind1="1" ind2="0">
   <subfield code="a">GRAHAM </subfield>
  </datafield>
  <datafield tag="245" ind1="1" ind2="0">
   <subfield code="a">Jazz chants : </subfield>
   <subfield code="b">old and new  </subfield>
   <subfield code="c">Carolyn Graham;Marilyn Rosenthal development editor [</subfield>
   <subfield code="m">audiocassette].</subfield>
  </datafield>
  <datafield tag="260" ind1="0" ind2="0">
   <subfield code="a">Oxford: </subfield>
   <subfield code="b">Oxford University Press, </subfield>
   <subfield code="c">2001.</subfield>
  </datafield>
  <datafield tag="300" ind1=" " ind2=" ">
   <subfield code="a">1 cassette: </subfield>
   <subfield code="b">side 1-2; </subfield>
   <subfield code="c">4 inc.</subfield>
  </datafield>
  <datafield tag="500" ind1="0" ind2="0">
   <subfield code="a">To accompany textbook titled &quot; Jazz chants old and new &quot;</subfield>
  </datafield>
  <datafield tag="650" ind1="0" ind2="0">
   <subfield code="a">English language -- </subfield>
   <subfield code="x">Textbooks for foreign speakers </subfield>
  </datafield>
  <datafield tag="650" ind1="0" ind2="0">
   <subfield code="a">English language -- </subfield>
   <subfield code="x">Spoken english -- </subfield>
   <subfield code="z">United States </subfield>
  </datafield>
 </record>
</collection>
